| 000 | 00842nam a2200313 a 4500 | ||
|---|---|---|---|
| 003 | AR-BaBNM | ||
| 005 | 20251128203619.0 | ||
| 008 | 082120s2002 ||||||||||||||000 | spa|| | ||
| 040 | _cAR-BaBNM | ||
| 100 | 1 | _aMenéndez Pidal, Ramón | |
| 245 | 0 | 0 |
_aLa España del Cid _n2 |
| 250 | _a1ª ed. | ||
| 260 |
_aMadrid _bPlutarco _c1929 |
||
| 300 |
_ap. 453-1006 _bil., lams., mapas |
||
| 500 | _aContiene índice alfabético en p. 975 | ||
| 650 | 4 | _aTRADICION ORAL | |
| 650 | 4 | _aLITERATURA ESPAÑOLA | |
| 650 | 4 | _aHISTORIA LITERARIA | |
| 650 | 4 | _aLITERATURA MEDIEVAL | |
| 650 | 4 | _aCRITICA LITERARIA | |
| 650 | 4 | _aINVESTIGACION LITERARIA | |
| 650 | 4 | _aLITERATURA POPULAR | |
| 653 | _aHISTORIA ESPAÑOLA | ||
| 653 | _aEPICA | ||
| 655 | _aLITERATURA | ||
| 700 | 1 |
_aMuguruza, Pedro _eilustrador |
|
| 942 | _cBK | ||
| 998 | _cMARTIN | ||
| 999 |
_c4139 _d4139 |
||